Library Banner

Exploring world Englishes : (Record no. 141015)

MARC details
000 -LEADER
fixed length control field 01392nam a22002417a 4500
005 - DATE AND TIME OF LATEST TRANSACTION
control field 20260608112355.0
008 - FIXED-LENGTH DATA ELEMENTS--GENERAL INFORMATION
fixed length control field 260608s2026 |||||||| |||| 00| 0 eng d
020 ## - INTERNATIONAL STANDARD BOOK NUMBER
International Standard Book Number 9781032537979
040 ## - CATALOGING SOURCE
Transcribing agency PK-LaUMT
082 ## - DEWEY DECIMAL CLASSIFICATION NUMBER
Classification number 427.9
Item number SEA-E
100 1# - MAIN ENTRY--PERSONAL NAME
Personal name Seargeant, Philip
245 10 - TITLE STATEMENT
Title Exploring world Englishes :
Remainder of title language in a global context /
Statement of responsibility, etc Philip Seargeant and Lin Pan
250 ## - EDITION STATEMENT
Edition statement 2nd ed.
260 ## - PUBLICATION, DISTRIBUTION, ETC. (IMPRINT)
Place of publication, distribution, etc Abingdon :
Name of publisher, distributor, etc Routledge,
Date of publication, distribution, etc 2026
300 ## - PHYSICAL DESCRIPTION
Extent xii, 241 p.
490 ## - SERIES STATEMENT
Series statement Routledge introductions to applied linguistics
500 ## - GENERAL NOTE
General note Includes bibliographical references and index.
520 ## - SUMMARY, ETC.
Summary, etc This new edition of Exploring World Englishes surveys varieties of English existing within the world today, and the debates and controversies surrounding its present forms, functions and status in diverse world contexts. This book examines how English evolved to become 'the global language' and looks at the political and cultural history that influenced this evolution. Now in its second edition, this popular text has been substantially revised and updated to reflect the rapid developments in this area, including areas such as decolonisation, multilingualism and translanguaging, along with English as a Lingua Franca and its consequences for education.
546 ## - LANGUAGE NOTE
Language note Eng
650 ## - SUBJECT ADDED ENTRY--TOPICAL TERM
Topical term or geographic name as entry element English language-globalization
700 1# - ADDED ENTRY--PERSONAL NAME
Personal name Pan, Lin
942 ## - ADDED ENTRY ELEMENTS (KOHA)
Koha item type Books
Holdings
Withdrawn status Lost status Damaged status Home library Current library Date acquired Full call number Barcode Date last seen Price effective from Koha item type
      UMT Main Campus UMT Main Campus 2026-06-08 427.9 SEA-E 153009 2026-06-08 2026-06-08 Books